LEADER 02960nam 2200685 a 450 001 9910458879503321 005 20200520144314.0 010 $a1-282-81192-4 010 $a9786612811920 010 $a93-5044-107-1 010 $a1-4416-6224-3 010 $a600-00-2986-1 035 $a(CKB)2670000000034127 035 $a(EBL)618183 035 $a(OCoLC)784881215 035 $a(SSID)ssj0000672217 035 $a(PQKBManifestationID)11396422 035 $a(PQKBTitleCode)TC0000672217 035 $a(PQKBWorkID)10634509 035 $a(PQKB)11413991 035 $a(MiAaPQ)EBC3011360 035 $a(MiAaPQ)EBC4953506 035 $a(Au-PeEL)EBL3011360 035 $a(CaPaEBR)ebr10416013 035 $a(OCoLC)923634188 035 $a(Au-PeEL)EBL4953506 035 $a(CaONFJC)MIL281192 035 $a(OCoLC)1027160500 035 $a(EXLCZ)992670000000034127 100 $a20100928d2010 uy 0 101 0 $aeng 135 $aurcn||||||||| 181 $ctxt 182 $cc 183 $acr 200 10$aBank credit management$b[electronic resource] /$fS. Murali, K.R. Subbakrishna 205 $aRev. ed. 210 $aMumbai $cHimalaya Pub. House$d2010 215 $a1 online resource (249 p.) 300 $aDescription based upon print version of record. 311 $a93-5024-323-7 327 $aCOVER; CONTENTS; Overview of Lending Activity; Principles and Objectives of Credit Management; Credit Policy in Banks; Regulatory Framework; Prudential Norms; Types of Borrowers; Credit Evaluation - Working Capital Finance; Credit Evaluation -Term Loans; Dynamics of Foreign Exchange; Types of Credit Facilities; Documentation; Monitoring and Follow up; Prudential Norms on Capital Adequacy and Credit Risk Management; Recovery Management; Micro Finance; Comprehensive Case Study 330 $aNot many books available exclusively covering `Credit Management in Banks`.; Contains in detail the various steps in Credit Management - right from prospecting a client to the Proposal sanction, monitoring and follow-up of advance.; Written in a very simple language.; Authors have tried to share their over 25 years experience in the banking industry by offering specific comments/suggestions at relevant places.; An Exclusive Chapter on `Risk Management in Banks`.; Legal and Non Legal Recovery Measures covered in depth.; The latest and popular concept `Micro Finance` covered as a separate chapter 606 $aBank loans 606 $aBanks and banking 606 $aCredit$xManagement 608 $aElectronic books. 615 0$aBank loans. 615 0$aBanks and banking. 615 0$aCredit$xManagement. 676 $a332.1/753 700 $aMurali$b S$01049647 701 $aSubbakrishna$b K. R$01049648 801 0$bMiAaPQ 801 1$bMiAaPQ 801 2$bMiAaPQ 906 $aBOOK 912 $a9910458879503321 996 $aBank credit management$92478848 997 $aUNINA LEADER 01562nam 2200517 450 001 9910672159003321 005 20121107082302.0 010 $a84-9123-031-9 035 $a(CKB)3890000000007584 035 $a(MiAaPQ)EBC4508125 035 $a(OCoLC)984784258 035 $a(FlNmELB)ELB58672 035 $a(EXLCZ)993890000000007584 100 $a20160615d2010 uy 0 101 0 $aspa 135 $aurcnu|||||||| 181 $2rdacontent 182 $2rdamedia 183 $2rdacarrier 200 00$aDerecho, persona y ciudadani?a $euna experiencia juri?dica comparada /$fBernardo Perin?a?n Go?mez, coordinador ; Francisco J. Andre?s Santos [y otros 18] 210 1$aMadrid :$cMarcial Pons Ediciones Juri?dicas y Sociales,$d2010. 215 $a1 online resource (693 pa?ginas) 300 $aIncluye i?ndice. 311 $a84-9768-721-3 606 $aLaw$zSpain 606 $aDerecho$zEspan?a 606 $aCitizenship$zSpain 606 $aCiudadani?a$zEspan?a 606 $aPolitical rights 606 $aDerechos poli?ticos 608 $aLibros electronicos. 615 0$aLaw 615 4$aDerecho 615 0$aCitizenship 615 4$aCiudadani?a 615 0$aPolitical rights. 615 4$aDerechos poli?ticos. 676 $a342.46083 702 $aPerin?a?n Go?mez$b Bernardo 702 $aAndre?s Santos$b Francisco J 801 0$bFINmELB 801 1$bFINmELB 906 $aBOOK 912 $a9910672159003321 996 $aDerecho, persona y ciudadanía$9249242 997 $aUNINA